[Event "RUS Cup final 6th"]
[Site "Nefteyugansk"]
[Date "2002.10.06"]
[Round "1"]
[White "Prokopchuk, Evgeny"]
[Black "Arzumanian, Georgy"]
[Result "1-0"]
[WhiteElo "2513"]
[BlackElo "2455"]
[Annotator "Rabinovich,Al"]
[PlyCount "99"]
[EventDate "2002.10.06"]
[EventType "tourn"]
[EventRounds "11"]
[EventCountry "RUS"]
[EventCategory "11"]
[SourceTitle "CBM 092"]
[Source "ChessBase"]
[SourceDate "2003.02.06"]
[SourceVersion "1"]
[SourceVersionDate "2003.02.06"]
[SourceQuality "1"]

1. e4 c5 2. Nf3 Nc6 3. Bb5 e6 4. Bxc6 bxc6 5. d3 (5. O-O $5 Qc7 6. b3 Ne7 7.
Ba3 d6 8. c3 Ba6 9. Re1 Ng6 10. d4 Be7 11. dxc5 dxc5 12. Qc2 Qa5 $132 {1-0
Ponomariov,R-Dreev,A/Moscow RUS 2002/The Week in Chess 395 (38)}) 5... Ne7 6.
Qe2 {Waiting to see what black plans are:} (6. Ng5 Ng6 (6... f6 7. Nh3 g6 8. f4
Bg7 9. O-O O-O 10. Nf2 d6 11. Nd2 a5 12. a4 f5 13. Nf3 Rb8 14. Rb1 c4 $5 $132 {
1/2-1/2 Bologan,V-Shabalov,A/Connecticut USA 2000/The Week in Chess 286 (37)})
7. f4 Be7 8. Nf3 d5 9. c4 $14 {1-0 Bologan,V-Sveshnikov,E/Tallinn EST 2000/The
Week in Chess 273 (42)}) (6. h4 $5 h5 7. Qe2 f6 8. e5 fxe5 9. Nxe5 d6 $132 {
0-1 Shabanov,Y-Arkhipov,S/Smolensk RUS 2000/The Week in Chess 287 (61)}) 6...
Ng6 (6... f6 7. Nh4 g6 8. f4 Bg7 9. O-O (9. Nf3 O-O 10. Qf2 $14 {1-0 Glek,
I-Krasenkow,M/Mainz GER 2002/The Week in Chess 406 (64)}) 9... d6 (9... O-O 10.
Nf3 h6 11. Nc3 e5 12. fxe5 fxe5 13. Qf2 g5 $44 {1/2-1/2 Fressinet,L-Lautier,J/
Cannes FRA 2002/The Week in Chess 381 (22)}) 10. Nf3 O-O 11. e5 Nf5 12. exd6
Nd4 13. Qf2 Qxd6 $11 {1/2-1/2 Tkachiev,V-Smirin,I/Biel SUI 2002/The Week in
Chess 403 (18)}) 7. h4 {[%cal Gh4h5] Main line after 6...Ng6.The few next
moves are quiet forced,since black lacks some space so he must fight for the
center.} h5 8. e5 f6 $8 {As it possible to see all other moves here lead to
really bad position for black!} (8... Be7 9. Qe4 c4 10. dxc4 Rb8 11. Nbd2 $16 {
1-0 Palac,M-Nijboer,F/Metz 2001/CBM 81 ext (40)}) (8... d6 9. exd6 Bxd6 10. Na3
(10. Nc3 e5 11. Ng5 Bg4 12. f3 Bf5 13. Be3 Rb8 14. O-O-O $14 {1-0 Yudasin,
L-Manca,F/Reggio Emilia ITA 2000 (28)}) 10... e5 11. Ng5 f6 12. Ne4 Be7 13. Nc4
$16 {1-0 Mortensen,E-Oral,T/Bled SLO 2002/The Week in Chess 418 (80)}) (8...
Rb8 9. Na3 Ba6 10. Qe4 f5 11. exf6 Qxf6 12. Bg5 Qf7 13. Qa4 $18 {1-0 Ovetchkin,
R-Frolyanov,D/St Petersburg RUS 2002/The Week in Chess 417 (35)}) 9. Qe4 Kf7
10. Na3 $5 (10. Nbd2 d5 11. exd6 Qxd6 12. Nb3 $14 {1/2-1/2 Bologan,V-Van Wely,
L/Bled SLO 2002/The Week in Chess 417 (78)}) (10. Rh3 $5 {[%cal Gf3g5,Gh3f3]})
10... Qc7 (10... d5 $5 11. exd6 Qxd6 12. Nc4 Qd5 13. Ne3 Qxe4 14. dxe4 e5 15.
g3 Be6 16. Nd2 Ne7 17. b3 Nc8 18. Bb2 $14 {1/2-1/2 Topalov,V-Shirov,A/Monaco
MNC 2002/The Week in Chess 385 (39)}) 11. Nc4 Ba6 12. Bf4 (12. Rh3 $6 Bxc4 13.
Ng5+ (13. dxc4 Nxe5 $17) 13... fxg5 14. Rf3+ Kg8 15. Qxg6 Qxe5+ 16. Kf1 g4 17.
Re3 Qf6 $17) 12... Bxc4 $6 (12... Nxf4 $5 13. Qxf4 Be7 (13... Bxc4 14. dxc4 Rb8
15. b3 Be7 $132) 14. Rh3 Kg8 15. Rg3 $40 {1/2-1/2 Vokarev,S-Arkhipov,S/
Smolensk 2000/CBM 77/}) 13. dxc4 $14 f5 $2 (13... Nxf4 $5 14. Qxf4 Be7 15.
O-O-O $40) (13... Qb6 14. O-O-O f5 15. Qe3 $16 {[%cal Gf3g5,Gd1d7]}) {[%tqu
"En","How white can use bad black king?","","","e4f5","Correct.",10]} 14. Qxf5+
$3 exf5 15. e6+ dxe6 (15... Kxe6 16. Bxc7 d6 17. O-O-O Kd7 18. Ba5 $16) 16.
Bxc7 $16 Be7 17. O-O-O Rhc8 18. Ba5 {[%csl Ra7,Rc5,Rc6,Re6,Rf5,Rh5] Black has
a very bad pawn structure.} Bf6 19. Rd7+ Ke8 20. Rd2 {[%cal Gh1d1]} Rab8 21. b3
Rb7 (21... e5 $5 22. g3 {[%csl Rg6]} e4 23. Ng5 $16 {[%cal Gg5e6,Ge6c5]}) 22.
g3 Rd7 23. Re1 {White plays the ending very accurately,giving no counterplay
to the opponent!} Nf8 24. Rde2 $1 {With 2 rooks on the board black will have
difficulties to hold all his weaknesses!} (24. Rxd7 Kxd7 25. Ne5+ Kd6 (25...
Bxe5 26. Rxe5 Kd6 27. Re3 e5 28. Bc3 Nd7 {Some chances for black.}) 26. Nd3 $16
{[%csl Rc5][%cal Ga5d2,Gd2f4,Gd2e3,Ge3c5]}) 24... Kf7 25. Ne5+ Bxe5 26. Rxe5
Re7 27. Bc3 (27. Rxc5 $4 Nd7 {[%csl Rc5]}) 27... Nd7 28. R5e2 {Nothing changed,
black still has to protect all his pawns and his pieces aren't capble of
creating any active plan.} Rce8 {[%cal Ge6e5]} 29. Be5 {[%cal Ge5d6]} Rc8 (
29... Nxe5 30. Rxe5 $18) 30. Kb2 {[%mdl 4096] Lets take a look and try to
figure out what white plan is: 1.Every rook ending and bishop against knight
ending will be lost easily for black,so white always ready to exchange the
right pieces. 2.White will put pressure on Nd7 and force him to move 3.Than he
will attack c5P 4.The only ending which is not winning by force is pawn ending,
so white should be aware of exchanging all the pieces.} Ree8 31. Rd1 {[%cal
Ge2d2]} Nf6 {[%cal Gf6e4,Gf6g4]} 32. f3 $1 {[%csl Ge4,Gg4]} Red8 33. Red2 Rxd2
34. Rxd2 Ke8 35. Ka3 {[%cal Ga3a4]} Rd8 36. Rd3 $1 Ke7 (36... Rxd3 37. cxd3 Ke7
38. Ka4 $18 {[%cal Ga4a7]}) 37. Ka4 Nd7 38. Bd6+ (38. Bxg7 Rg8 39. Bh6 Rxg3 40.
Bg5+ Ke8 41. Rd6 e5 42. Rxc6 {Should be winning as well,but why to give
unnessasary chances?!}) 38... Ke8 39. Ka5 e5 $6 {Loosing,but black was already
helpless.} (39... Nb6 40. Ka6 Nc8 41. Bxc5 $18) 40. Bc7 Rc8 41. Bxe5 $1 {
The quickest.} Nxe5 42. Re3 Kd7 43. Rxe5 {[%cal Ge5c5,Ge5f5]} g6 44. Ka6 $1 (
44. Rxc5 Kd6 45. b4 $18 {[%csl Rc5] The rook is a bit passive,although it
shouldn't help black much.}) 44... Kd6 45. f4 Rc7 46. Re8 {[%cal Ge8a8,Ge8g8,
Gg8g6]} Rd7 47. Rg8 Kc7 48. Kxa7 Rd2 49. Rg7+ Kc8 50. Kb6 (50. Kb6 Rxc2 51.
Kxc6 {[%cal Gg7g8]} Kd8 52. Rxg6 Rxa2 53. Kxc5 $18 {[%csl Gb3,Gc4]}) 1-0

[Event "EU-ch 3rd"]
[Site "Batumi"]
[Date "2002.06.12"]
[Round "1"]
[White "Socko, Bartosz"]
[Black "Bae, Torstein"]
[Result "1-0"]
[WhiteElo "2564"]
[BlackElo "2314"]
[Annotator "Rabinovich,Al"]
[PlyCount "57"]
[EventDate "2002.06.12"]
[EventType "swiss"]
[EventRounds "13"]
[EventCountry "GEO"]
[SourceTitle "CBM 090"]
[Source "ChessBase"]
[SourceDate "2002.09.20"]
[SourceVersion "1"]
[SourceVersionDate "2002.09.20"]
[SourceQuality "1"]

1. e4 c5 2. Nf3 Nc6 3. Bb5 e6 4. O-O (4. Bxc6 $5 {I bilieve here white has
better chances for opening advantage!} bxc6 5. d3 $1 {[%cal Gc1d2]} (5. O-O Qc7
6. b3 Ne7 7. Ba3 d6 8. c3 Ba6 9. Re1 Ng6 10. d4 Be7 11. dxc5 dxc5 12. Qc2 Qa5
13. Bb2 O-O 14. c4 e5 15. Nc3 f6 $11 {[%cal Gg6f4,Gf4e6,Ge6d4] 1-0 Ponomariov,
R-Dreev,A/Moscow RUS 2002/The Week in Chess 395 (38)}) 5... Ne7 6. Qe2 $5 (6.
Ng5 f6 7. Nh3 d5 8. Nc3 Ng6 9. Qh5 Bd6 10. Nf4 Bxf4 11. Bxf4 O-O 12. Bd2 f5 13.
Qg5 $14 {1-0 Adams,M-Vaisser,A/France 2001/EXT 2002 (52)}) 6... Ng6 (6... f6 7.
Nh4 g6 8. f4 Bg7 9. O-O (9. Nf3 O-O 10. Qf2 d6 11. Nc3 e5 12. fxe5 fxe5 13. Qh4
a5 14. Bh6 Qd7 15. O-O $18 {1-0 Glek,I-Krasenkow,M/Mainz GER 2002/The Week in
Chess 406 (64)}) 9... d6 (9... O-O 10. Nf3 h6 11. Nc3 e5 12. fxe5 fxe5 13. Qf2
g5 14. Qxc5 d6 15. Qe3 $14 {1/2-1/2 Fressinet,L-Lautier,J/Cannes FRA 2002/The
Week in Chess 381 (22)}) 10. Nf3 O-O 11. e5 Nf5 12. exd6 Nd4 13. Qf2 Qxd6 14.
Nc3 e5 15. Ne4 Qe7 16. Nxd4 cxd4 17. fxe5 fxe5 18. Qe2 Rxf1+ {1/2-1/2 Tkachiev,
V-Smirin,I/Biel SUI 2002/The Week in Chess 403 (18)}) 7. h4 h5 8. e5 f6 9. Qe4
Kf7 10. Na3 $36 {1/2-1/2 Topalov,V-Shirov,A/Monaco MNC 2002/The Week in Chess
385 (39)}) 4... Nge7 5. Re1 {[%cal Ge1e7,Gb5f1,Gc2c3,Gd2d4]} a6 6. Bf1 (6. Bxc6
$5 {Transfering to 4.B:c6} bxc6 7. b3 Ng6 8. Ba3 Be7 9. c3 O-O 10. d4 cxd4 11.
cxd4 Bxa3 12. Nxa3 a5 13. Nb1 d6 14. Nc3 e5 15. dxe5 dxe5 16. Qxd8 Rxd8 17.
Rec1 Bg4 18. Ne1 Nf4 19. Rc2 Rd6 $11 {1-0 Zhang Zhong-Gulko,B/Shanghai CHN
2002/The Week in Chess 401 (41)}) 6... b5 $6 {A rare continuation,which can't
be good since black doesn't develop the right side.Better 6...Ng6 or 6...d5!} (
6... d5 7. d3 (7. exd5 Qxd5 8. Bd3 $1 g6 9. Be4 Qd6 10. b4 $1 Bg7 11. bxc5 Qxc5
12. Ba3 Qa5 13. c3 $14 {1-0 Benjamin,J-Shabalov,A/Connecticut USA 2002/The
Week in Chess 387 (40)}) 7... h6 8. Nbd2 g6 9. exd5 exd5 10. d4 $14 {0-1
Sutovsky,E-Van Wely,L/Amsterdam NED 2002/The Week in Chess 404 (62)}) 7. b3 (7.
a4 $1 {A logical reply on b5!} b4 8. b3 $14 {[%csl Gc4]}) 7... Nd4 $6 {Black
can't afford himself to loose all this time on empty moves!} 8. c3 Nxf3+ 9.
Qxf3 Nc6 (9... Bb7 10. a4 $36) 10. Bb2 {[%cal Gd2d4]} e5 (10... Be7 11. c4 $16
{[%csl Gg7]}) 11. Na3 $6 {Slow.} (11. a4 $1 {This move would lead to very bad
position for black.} Rb8 (11... b4 12. Bc4 $16) 12. axb5 axb5 13. Na3 $16)
11... Be7 12. Nc2 O-O 13. d4 $16 cxd4 14. cxd4 {[%cal Ga1d1] White is clearly
better.Black must be very accurate in order not to ruin his position.} d6 15.
Rac1 Qb6 (15... Bb7 $142 {Finishing the development!}) 16. dxe5 Nxe5 (16...
dxe5 17. Ne3 $16 {[%csl Gd5,Gf5]}) 17. Qe3 $1 {Ending will be easy for white
to play. The weakness on d6 in addition to weak squares in the center should
give white long distance advantage!} (17. Qg3 Bf6 18. Ne3 Be6 $14) 17... Qb8 (
17... Qxe3 18. Nxe3 $16) 18. Nb4 {[%cal Gb4c6,Gb4a6,Gb4d5]} Bb7 19. Rcd1 {
[%cal Gf2f4,Gh2h3]} Rc8 20. h3 {Very solid!} a5 $2 {Not needed! Another
weakness on b5 makes white life easier!} 21. Nd5 Bxd5 22. Rxd5 {[%csl Rb5,Rd6]}
Rc2 {Giving up the pawn to activate some pieces,but this activity is temporary
and white just keeps the pawn up.} (22... b4 23. Rb5 Qc7 24. Rc1 Qd8 25. Rxc8
Rxc8 26. Bxe5 dxe5 27. Rxe5 $16 {[%cal Gf1c4]}) 23. Rxb5 Qc7 24. Rc1 $1 Bf6 (
24... Rc8 $5 25. Rxc2 Qxc2 26. Bxe5 dxe5 27. Rxa5 {[%cal Ge7c5] White should
win,of caurse,but opposit colour bishops could give black some hopes for
counterplay.}) 25. Ba3 Rc8 26. Rxc2 Qxc2 27. Bxd6 $18 Qd1 $2 {Mistake,but it
was helpless anyway.} 28. Bxe5 Rc1 {[%mdl 8192] Blonder.} 29. Qxc1 {[%cal
Gb5b8]} 1-0

[Event "FRA-ch"]
[Site "Val d'Isere"]
[Date "2002.08.24"]
[Round "6"]
[White "Marcelin, Cyril"]
[Black "Bacrot, Etienne"]
[Result "1-0"]
[WhiteElo "2470"]
[BlackElo "2653"]
[Annotator "Rabinovich,Al"]
[PlyCount "80"]
[EventDate "2002.08.19"]
[EventType "tourn"]
[EventRounds "11"]
[EventCountry "FRA"]
[EventCategory "13"]
[SourceTitle "CBM 091"]
[Source "ChessBase"]
[SourceDate "2002.11.12"]
[SourceVersion "1"]
[SourceVersionDate "2002.11.12"]
[SourceQuality "1"]

1. e4 {[%mdl 732]} c5 2. Nf3 Nc6 3. Bb5 e6 4. Bxc6 (4. O-O {Another option for
white to wait with the exchange on c6.} Nge7 5. Re1 a6 6. Bf1 {The more
logical reply.} (6. Bxc6 $6 Nxc6 7. d4 cxd4 8. Nxd4 Qc7 9. Nxc6 bxc6 10. e5 d5
11. Nd2 Rb8 12. Qg4 h5 13. Qe2 Be7 14. Nf3 Rb4 15. Qd3 c5 $44 {[%csl Gc5,Gd5]
[%cal Gc8b7] 1-0 Kveinys,A-Raetsky,A/Cappelle la Grande FRA 2002/The Week in
Chess 380 (35)}) 6... d5 7. exd5 Qxd5 8. Bd3 Ng6 9. Be4 Qd6 10. c3 Be7 11. d4
O-O 12. Be3 cxd4 13. cxd4 Bd7 14. Nc3 Rad8 15. Rc1 $14 {1-0 Benjamin,J-Hahn,A/
Seattle USA 2002/The Week in Chess 374 (32)}) 4... bxc6 5. d3 (5. O-O $5 {
The idea behind this move is yet to decide: playing d3 or d4..} Qc7 6. b3 Ne7
7. Ba3 d6 8. c3 Ba6 9. Re1 Ng6 10. d4 Be7 11. dxc5 dxc5 12. Qc2 Qa5 13. Bb2 O-O
14. c4 e5 15. Nc3 f6 $11 {[%cal Gg6f4,Gf4e6,Ge6d4] 1-0 Ponomariov,R-Dreev,A/
Moscow RUS 2002/The Week in Chess 395 (38)}) 5... Ne7 6. Qe2 (6. O-O Ng6 7. Ng5
(7. Qe2 e5 8. c3 Ba6 9. a3 Bd6 10. b4 O-O 11. Be3 f5 12. Nbd2 f4 13. Bxc5 $14 {
1-0 Rozentalis,E-Kotronias,V/Cappelle la Grande FRA 2002/The Week in Chess 380
(42)}) 7... e5 (7... h6 $5 8. Nh3 d5 9. Nf4 Nxf4 10. Bxf4 Qf6 11. Qc1 g5 12.
Bg3 Rg8 13. Nc3 h5 14. f4 (14. exd5 $5 cxd5 (14... exd5 15. Re1+ Be6 $14) 15.
Nb5 h4 $13) 14... gxf4 15. Qxf4 Qxf4 16. Bxf4 Ba6 {0-1 Sadvakasov,D-Van Wely,L/
Amsterdam NED 2002/The Week in Chess 404 (38) Black is at least not worse...})
8. Qh5 {Harmless move.} Qf6 9. Nc3 d6 10. Ne2 h6 11. Nh3 Nh4 {[%csl Rh3,Rh5]}
12. Ng5 Ng6 13. Nh3 Nh4 14. Ng5 Ng6 {1/2-1/2 Sokolov,A-Lautier,J/Val d'Isere
FRA 2002/The Week in Chess 408 (14)}) 6... f6 7. Nh4 {[%cal Gf2f4]} g6 8. f4
Bg7 9. O-O O-O 10. Nf3 h6 {[%csl Rg5][%cal Ge6e5]} (10... Rb8 $5 11. c4 d6 12.
Be3 e5 13. fxe5 fxe5 14. Qd2 Bg4 15. Nc3 Bxf3 16. Rxf3 Rxf3 17. gxf3 Kh8 $11 {
0-1 Vokarev,S-Shariyazdanov,A/Moscow RUS 2002/The Week in Chess 379 (59)}) 11.
Be3 $146 {I can guess that this move is an improvment for Fressinet's 11.Nc3.
The N can be developed on d2 ->c4->d6/e5,which looks as a strong plan for
white.} (11. Nc3 e5 12. fxe5 fxe5 13. Qf2 g5 14. Qxc5 d6 15. Qe3 Ng6 16. Qe1
Rb8 $44 {[%cal Gg6f4] 1/2-1/2 Fressinet,L-Lautier,J/Cannes FRA 2002/The Week
in Chess 381 (22)}) 11... d6 $6 {Allowing white to play e5 looks like sirious
decision....After black put all his pawns on the 6 rank it seems like his
position is crushing.....} (11... e5 $142 $5 12. fxe5 (12. Bxc5 exf4 {[%cal
Gd7d6,Gg6g5,Ge7g6]} 13. Bd6 $1 Qb6+ 14. d4 $16 {[%cal Gc2c4,Ge2b2]}) 12... fxe5
13. Bxc5 d6 14. Be3 g5 15. Nbd2 Ng6 {Still can be interesting!}) 12. e5 $1 fxe5
13. fxe5 $16 {[%csl Rg6,Rh6][%cal Gb1d2,Gd2c4,Gd2e4] White position is very
easy to play:N takes one of c4/e4 squares,in addition to that white can always
pressure the weaknesses on Kside.} Nf5 14. Nbd2 g5 (14... Kh7 15. Bf2 $40 {
[%cal Gg2g4]}) 15. g4 $3 {The best decision! After black knight dissappears
there is no defender on the Kside.....} Nxe3 (15... Ne7 16. Ne4 {And black
structure falls.}) 16. Qxe3 Rb8 17. b3 Rb4 $2 {[%mdl 8192]} (17... Rf4 $142 18.
h3 Qf8 {Would still leave black in the game.}) 18. Nc4 d5 19. a3 Rb8 20. Nd6 {
[%csl Rc5] Take a look at the differences between white pieces and black!} Qa5
$4 {Black is provoking white to .......} (20... Rf4 $142 21. h3 (21. Qxc5 Qb6
22. Qxb6 Rxg4+ 23. Kh1 axb6) 21... Qa5 {Black is worse, but holding.}) {
[%tqu "En","White pieces are taking the best positions for the next move.....",
"","","f3g5","Very nice! Black king is not capble of escaping and black pieces
are far away to help and just able to see the end coming..",15]} 21. Nxg5 $3 {
Black king "castle" falls and white wins easily.} Rxf1+ (21... hxg5 {Wouldn't
change much.} 22. Rxf8+ Kxf8 23. Rf1+ Kg8 24. Qxg5) 22. Rxf1 hxg5 23. Qxg5 {
[%cal Gf1f8,Gg5d8]} Ba6 24. Qg6 {Black is completely hopeless against white's
plan.} (24. Rf7 $4 Qe1+ {[%cal Ge1e5]}) 24... Qd2 25. Qxe6+ Kh7 $8 (25... Kh8 {
Loosins as well!} 26. Nf7+ Kg8 (26... Kh7 27. Qf5+ Kg8 28. Ng5 $18) 27. Ng5+
Kh8 28. Qf5 $18) 26. Qf5+ $18 Kg8 27. Qf7+ Kh7 28. Rf5 Qd1+ 29. Kf2 Qd2+ 30.
Kg3 Qe3+ 31. Kh4 Qe1+ 32. Kh3 {Saving some time in the time trouble.} Qe3+ 33.
Kh4 Qe1+ 34. Kh5 {[%cal Gf7g6,Gf5f7]} Qe3 {[%cal Ge3h3]} (34... c4 35. Rg5 Rg8
36. Qf5+ Kh8 37. Nf7#) 35. Qg6+ Kg8 36. Qe6+ Kh7 37. Qg6+ Kg8 {[%cal Ge3h3]}
38. h4 {[%cal Gf5g5]} c4 (38... Qh6+ 39. Qxh6 Bxh6 40. Kxh6 $18 {[%cal Ge5e8]})
39. Qe6+ Kh7 40. Qg6+ Kg8 (40... Kg8 41. Rg5 $18) 1-0

[Event "Olympiad-37"]
[Site "Turin"]
[Date "2006.05.23"]
[Round "3"]
[White "Fressinet, Laurent"]
[Black "Sharbaf, Mohsen"]
[Result "1-0"]
[WhiteElo "2633"]
[BlackElo "2362"]
[Annotator "Reeh,O"]
[PlyCount "41"]
[EventDate "2006.05.21"]
[EventType "team-swiss"]
[EventRounds "13"]
[EventCountry "ITA"]
[SourceTitle "CBM 113"]
[Source "ChessBase"]
[SourceDate "2006.07.31"]
[SourceVersion "1"]
[SourceVersionDate "2006.07.31"]
[SourceQuality "1"]
[WhiteTeam "France"]
[BlackTeam "Iran"]
[WhiteTeamCountry "FRA"]
[BlackTeamCountry "IRI"]

1. e4 c5 2. Nf3 Nc6 3. Nc3 e5 4. Bc4 d6 5. d3 Be7 6. O-O h6 7. Nd5 Nf6 8. h3
Be6 9. a3 O-O 10. Bd2 Ne8 11. b4 b6 12. bxc5 bxc5 (12... dxc5 {was better,
since White will greatly benefit from the open b-file. war besser, den die
offene b-Linie kommt Weiß sehr zugute.}) 13. Rb1 Kh8 14. Bb5 Bd7 ({Black could
have freed himself a bit with Schwarz hätte sich ein wenig entlasten können mit
} 14... Nd4) 15. c4 f5 $2 {This already loses. Black is in no position to
start activity here. Dies verliert. In einer solchen Stellung kann Schwarz
nicht aktiv werden.} 16. Qa4 $1 {All of a sudden Black's pieces are very loose.
Plötzlich hat Schwarz Mühe, Figurenverlust zu vermeiden.} Rc8 (16... fxe4 17.
Bxc6 Bxc6 (17... exf3 18. Bxd7) 18. Qxc6 exf3 19. Nxe7 $18) 17. exf5 Rxf5 {
[%tqu "En","How can White take advantage of Black's clumsy piece cluster in
the centre?","White's queen and bishop are indirectly targetting the bishop on
d7.","If the knight on c6 could be deflected, this would allow Bxd7 skewering
both black rooks.","d2a5","Forcing material gains. The black queen doesn't
have a single square.",10,"De","Wie kann Weiß aus dem schwarzen Figurenknäuel
im Zentrum nutzen ziehen?","Dame und Läufer von Weiß zielen indirekt gegen den
Läufer auf d7.","Wenn man den Springer von c6 weglocken könnte, würde dies
Lxd7 erlauben, wonach beide schwarze Türme aufgespießt sind.","d2a5","Erzwingt
Materialgewinn. Die schwarze Dame hat kein einziges Feld.",10]} 18. Ba5 $1 {
A surprising motif - in a way, the Black queen is checkmated! Ein
überraschendes Motiv - in gewisser Weise ist die schwarze Dame mattgesetzt!}
Nc7 ({Just as hopeless is Ebenso hoffnungslos ist} 18... Qxa5 19. Qxa5 Nxa5 20.
Bxd7) ({or oder} 18... Nxa5 19. Bxd7 Rxf3 20. Bxc8) 19. Bxc6 Bxc6 20. Qxc6 Nxd5
21. Bxd8 1-0